Les 10 guerres qui ont fait le plus de morts - Statistiques

Statistiques générales
  • Ce quiz a été pris 254 fois
  • Le résultat moyen est 2 sur 10
Statistiques - réponses
Nombre de morts Nom de la guerre % Correct
20 Millions Première Guerre mondiale
99%
70 Millions Seconde Guerre mondiale
89%
3,5-6 Millions Guerres Napoléoniennes
13%
9 Millions La guerre civile russe
10%
8 Millions La guerre de Trente Ans
9%
8 Millions La guerre civile chinoise
8%
25 Millions La conquête de la dynastie Qing par la dynastie Ming
0%
25 Millions La deuxième guerre sino-japonaise
0%
11 Millions La révolte Dounganes
0%
20-30 Millions Rébellion de Taiping
0%
Aucun quiz correspondant
Distribution des résultats
% des personnes avec chaque résultat
Percentile par nombre de réponses
Votre historique - résultats
Vous n’avez pas pris ce quiz